Squadra dell'anno AIC 2011 - Statistics

Statistiche generali
  • Questo quiz è stato fatto 8 volte
  • Il punteggio medio è 11 su 13
Statistiche sulle risposte
Ruolo Nazione Squadra Calciatore % Corretto
Attaccante Italia Udinese Antonio Di Natale
100%
Centrocampista Italia Juventus Claudio Marchisio
100%
Attaccante Uruguay Napoli Edinson Cavani
100%
Centrocampista Slovacchia Napoli Marek Hamšík
100%
Portiere Slovenia Udinese Samir Handanovič
100%
Attaccante Svezia Milan Zlatan Ibrahimović
100%
Centrocampista Ghana Milan Kevin-Prince Boateng
86%
Difensore Colombia Udinese Pablo Armero
86%
Centrocampista Brasile / Italia Inter Thiago Motta
86%
Difensore Italia Milan Alessandro Nesta
71%
Difensore Italia Inter Andrea Ranocchia
71%
Difensore Italia Napoli Christian Maggio
71%
Difensore Brasile Milan Thiago Silva
71%
Nessun quiz corrispondente trovato
Distribuzione punteggi
Percentuale di utenti per punteggio
Percentile per numero di risposta
I tuoi punteggi nel tempo
Non hai fatto questo quiz